Loading...
| Fine Arts - Classical Music | 6 | 10.00 | 1,417% | 33% | 417% |
| Fine Arts - Other | 6 | 20.00 | 4,433% | 267% | 417% |
| Fine Arts - Painting & Sculpture | 5 | 10.00 | 1,060% | 140% | 300% |
| History - American | 3 | 13.33 | 2,400% | 300% | 200% |
| History - European | 4 | 5.00 | 0% | 450% | 0% |
| History - Other | 5 | 12.00 | 1,780% | 480% | 0% |
| History - World | 7 | 15.71 | 3,557% | 429% | 143% |
| Literature - American | 5 | 12.00 | 2,600% | 160% | 500% |
| Literature - British | 6 | 8.33 | 1,417% | 283% | 133% |
| Literature - European | 3 | 3.33 | 0% | 300% | 0% |
| Literature - World | 6 | 13.33 | 3,550% | 133% | 383% |
| Mythology | 5 | 14.00 | 2,900% | 0% | 780% |
| Other | 6 | 13.33 | 3,833% | 283% | 233% |
| Philosophy | 5 | 6.00 | 0% | 0% | 320% |
| Religion | 5 | 14.00 | 0% | 600% | 480% |
| Science - Biology | 6 | 10.00 | 1,350% | 117% | 567% |
| Science - Chemistry | 7 | 15.71 | 3,529% | 429% | 229% |
| Science - Other | 4 | 12.50 | 4,150% | 0% | 450% |
| Science - Physics | 3 | 16.67 | 3,267% | 67% | 300% |
| Social Science | 4 | 12.50 | 5,750% | 0% | 200% |